00515nam a2200145Ia 4500008004100000020001800041050002000059100002500079240005400104245007800158250000600236260002600242300001100268650009000279120626s9999 xx 000 0 und d a950-641-392-4 aHF5549.5S38 A55 aALLES, Martha Alicia aElija al mejor: como entrevistar por competencias aElija al mejor: como entrevistar por competencias / Martha Alicia, Alles a2 aBuenos Aires: Granica a251 p. a1.- SELECCION DE PERSONAL 2.- ENTREVISTAS DE EMPLEO 3.- EMPLEADOS -- RECLUTAMIENTOÌ